[Event "ICS rated blitz match"]
[Site "204.178.125.65"]
[Date "1999.08.23"]
[Round "?"]
[White "Hossa"]
[Black "Panthee"]
[Result "1-0"]
[WhiteElo "2441"]
[BlackElo "2196"]
[Annotator "Fritz 5.32 (16s)"]
[PlyCount "103"]

1. e4 1... e5 {Opening = C58 - 4.Ng5 d5 5.ed5 Na5(6.Bb5 c6 7.dc6 bc6 8.---)} 2.
Nf3 Nc6 3. Bc4 Nf6 4. Ng5 d5 5. exd5 Na5 6. Bb5+ c6 7. dxc6 bxc6 8. Qf3 Rb8 9.
Bxc6+ Nxc6 10. Qxc6+ Nd7 11. f4 $146 (11. d3 Bc5 (11... Be7 12. Ne4 Rb6 13. Qa4
Bb7 14. c3 O-O 15. Qc2 f5 16. Ng3 Nc5 17. O-O f4 18. Ne4 Nxd3 19. f3 Bxe4 20.
fxe4 Bc5+ 21. Kh1 Rd6 22. b4 Bb6 23. c4 Nxb4 24. Qb3 Bc5 25. Ba3 Rb6 26. Nc3
Nc6 27. Nb5 Nd4 28. Qa4 Rh6 29. h3 f3 30. Rxf3 Rxf3 31. Qd1 Rxa3 32. Nxa3 32...
Bxa3 {0-1 Bezzy,M-Lagumina,G/Forli 1992/TD (32)}) 12. O-O (12. Qd5 O-O 13. Qe4
Nf6 14. Qh4 Rb4 15. Qg3 Rg4 16. Qf3 e4 17. Nxe4 Nxe4 18. dxe4 Rxe4+ 19. Be3 Bg4
20. Qxg4 Rxg4 21. Bxc5 Re8+ 22. Be3 Rxe3+ 23. fxe3 Qg5 24. g3 Qxe3+ 25. Kf1
Qf3+ 26. Kg1 Rd4 27. Nc3 27... Rd2 {
0-1 Zabiak,J-Braun,M/Miskolc 1998/EXT 99 (27)}) 12... Bb7 13. Qa4 Qc7 14. Be3
O-O 15. Nd2 Bxg2 16. Qh4 h6 17. Kxg2 hxg5 18. Qxg5 Rb6 19. Bxc5 Qxc5 20. Kh1
Qxc2 21. Nc4 Re6 22. Rg1 g6 23. Qf5 Qa4 24. Rg2 Qc6 25. Qe4 25... Qc7 {
Schroecker,M-De Pool,T/Duisburg 1992/TD/0-1 (60)}) (11. d4 Be7 12. h4 h6 13.
Nxf7 Kxf7 14. Qd5+ Kf8 15. dxe5 Bb7 16. Qe6 Qa5+ 17. Nc3 Qxe5+ 18. Qxe5 Nxe5
19. Bf4 Bd6 20. O-O-O Nd3+ 21. Rxd3 Bxf4+ 22. Kb1 Bxg2 23. Rhd1 Kg8 24. Rd7 Be5
25. Kc1 Kh7 26. Rxa7 Rb4 27. Rg1 Ra8 28. Rf7 Bc6 29. h5 Rab8 30. Nd1 Be8 31.
Re7 Bf6 32. Rc7 Bxh5 33. c3 Rf4 34. b4 Ra8 35. b5 Rxa2 36. b6 Bxd1 37. b7 Rfxf2
38. b8=Q Ra1+ 39. Qb1+ 39... Rxb1+ {
0-1 Papastavropoulos,A-Nenashev,A/Katerini 1993/TD (39)}) (11. Ne4 Rb6 12. Qc3
Bb4 13. Qe3 O-O 14. O-O f5 15. a3 Be7 16. Nec3 Bb7 17. Na4 f4 18. Qd3 Rd6 19.
Qb3+ Bd5 20. c4 Bxg2 21. Kxg2 f3+ 22. Kh1 Rh6 23. Rg1 Rf4 24. d4 Rxh2+ 25. Kxh2
25... Bc5 {Milbers,P-Jigjidsuren,P/Siegen 1970/MCD/0-1 (35)}) 11... Be7 (11...
Bb7 12. Qc4 Qf6 13. Nf3 $16) 12. O-O O-O 13. Nc3 $11 (13. Qe4 $5 $142 13...
Bxg5 14. fxg5 Qxg5 15. d3 $16) 13... exf4 $16 {
Der Freibauer d2 ist ein wichtiges Motiv} (13... Bb7 $5 $142 {ist interessant}
14. Qa4 14... Nc5 $11) 14. Nge4 $11 (14. Nf3 $5 $16 $142) 14... Bb7 15. Qa4
15... Qb6+ $14 (15... Nc5 16. Nxc5 Bxc5+ 17. Kh1 Bxg2+ 18. Kxg2 Qg5+ 19. Kf3
Qh5+ 20. Kg2 Rb6 21. Qxf4 Rg6+ 22. Kh1 22... Qh3 $19) 16. Kh1 Nc5 17. Nxc5 Bxc5
18. Rxf4 $4 $19 {wirft den Vorteil weg} (18. Qxf4 $142 {bringt noch Rettung}
18... Qg6 19. Qg3 $14) 18... Rbe8 {Droht Matt} 19. Ne4 19... Bd6 $11 (19...
Bxe4 $142 {ist der schnellste Weg} 20. d4 Qg6 21. Rxe4 21... Rxe4 $19) 20. d3 {
Befestigt e4} 20... Bxf4 21. Bxf4 21... Qxb2 $17 (21... f5 22. Qc4+ Kh8 23. Nc5
$19) 22. Rd1 $19 (22. Rg1 Re6 23. Bc1 23... Qb6 $19) 22... Qb6 $17 (22... Bxe4
$5 23. dxe4 23... Rc8 $19) 23. c3 $2 $19 (23. Bd6 $5 $142 23... Bc6 24. Qb3
Bxe4 25. dxe4 $15 (25. Bxf8 $4 {waere ein schrecklicher Fehler} 25... Bxg2+ 26.
Kxg2 Re2+ 27. Kh3 Qe3+ 28. Kg4 Rg2+ 29. Kh4 Qh6#)) 23... Re6 (23... f5 24. Bd6
fxe4 25. Bxf8 Rxf8 26. Qc4+ Kh8 27. dxe4 $19) 24. Qc2 Rfe8 25. Rb1 Qc6 26. Qd2
$4 {ein Fehler, doch es war nicht viel zu retten} (26. h3 $19 $142) 26... f5
27. Qb2 fxe4 (27... Ba6 $5 $142 {waere im Gewinnsinne praeziser} 28. Qb3 Bxd3
29. Nf6+ Kh8 30. Rg1 Rxf6 31. Qd1 Qxc3 32. Qa4 $19) 28. Qxb7 28... Qxb7 {
Droht Matt} 29. Rxb7 29... exd3 {Droht Matt: Re1} 30. h3 R8e7 (30... Rf6 $142 {
und Schwarz gewinnt} 31. Rb4 a5 32. Rd4 Re1+ 33. Kh2 Rxf4 34. Rxf4 $19) 31.
Rb8+ Kf7 32. Rd8 Re1+ 33. Kh2 Rd1 34. Kg3 h6 35. h4 Re2 36. Rd7+ Kg8 37. Rxa7
d2 (37... Rg1 38. Rd7 g5 39. hxg5 hxg5 40. Bxg5 Rexg2+ 41. Kf4 Rxg5 42. Rxd3
$19) 38. Rd7 Rg1 39. Kf3 39... d1=Q $15 (39... Rgxg2 40. Bg3 g5 41. hxg5 41...
hxg5 $19) 40. Rxd1 Rxd1 41. Kxe2 Ra1 42. g4 Rxa2+ 43. Kf3 Kf7 44. h5 Ke6 45.
Be3 45... Kd5 $4 $16 {danach wendet sich das Blatt} (45... Ra8 $15 $142 {
und Schwarz kann noch kaempfen}) 46. Bd4 46... Ra6 $18 (46... g6 $5 $142 47.
hxg6 47... Ke6 $16) 47. Bxg7 47... Re6 $2 (47... Kc4 $18) 48. g5 hxg5 49. h6
Rxh6 (49... g4+ {hilft allerdings auch nicht} 50. Kxg4 Re4+ 51. Kh5 $18) 50.
Bxh6 Kc4 51. Bg7 Kd3 52. Kg4 (52. Kg4 Kc4 53. Kxg5 $18) 1-0

[Event "ICS rated blitz match"]
[Site "204.178.125.65"]
[Date "1999.08.23"]
[Round "?"]
[White "Panthee"]
[Black "Hossa"]
[Result "1-0"]
[WhiteElo "2190"]
[BlackElo "2447"]
[Annotator "Fritz 5.32 (16s)"]
[PlyCount "116"]

1. e4 1... e5 {Opening = C59 - 4.Ng5 d5 5.ed5 Na5 6.Bb5 c6 7.dc6 bc6 8.Be2 h6}
2. Nf3 Nc6 3. Bc4 Nf6 4. Ng5 d5 5. exd5 Na5 6. Bb5+ c6 7. dxc6 bxc6 8. Be2 h6
9. Nf3 e4 10. Ne5 Bd6 11. d4 O-O 12. O-O Qc7 13. Bd2 Bxe5 14. dxe5 Qxe5 15. Bc3
Qf5 16. Qd6 Nd5 17. Bxa5 Nf4 18. Bd1 $146 (18. Qd2 Qg5 19. g3 Nxe2+ 20. Qxe2
Qxa5 21. Qxe4 Bh3 22. Re1 Rab8 23. Na3 Qh5 24. Nc4 Be6 25. b3 Bd5 26. Qf4 Rbe8
27. Re5 Rxe5 28. Qxe5 Qf3 29. Kf1 f6 30. Qd4 c5 31. Qd3 Qh1+ 32. Ke2 32... Re8+
{Honfi,K-Mestrovic,Z/Sarajevo 1966/EXT 98/ - (63)}) 18... Qg5 19. g4 19... Bxg4
{Droht Matt: Bf3} 20. h4 Qf5 21. Bc7 Nh3+ 22. Kg2 22... Bf3+ {
Der Brueckenkopf f3} 23. Bxf3 Qxf3+ 24. Kh2 {Droht Qg3} 24... Nxf2 25. Qg3 (25.
Qxc6 $4 {der Bauer ist nicht zu nehmen} 25... Qh3+ 26. Kg1 Qh1+ 27. Kxf2 e3+
28. Kg3 28... Qxc6 $19) 25... Ng4+ 26. Kg1 Qxg3+ 27. Bxg3 f5 28. Bf4 g6 29. Nc3
Rad8 30. Rad1 Rfe8 31. Rxd8 Rxd8 32. Rd1 Rxd1+ 33. Nxd1 Kh7 34. Ne3 Nf6 35. Be5
Nd7 36. Bd6 a6 37. Kf2 Kg8 38. Nc4 Kf7 39. Ne5+ $11 {
Weiss erhaelt starke Initiative} (39. Bf4 $5 $16 $142) 39... Nxe5 $16 (39...
Ke6 $5 {ist nicht von der Hand zu weisen} 40. Nxd7 40... Kxd6 $11) 40. Bxe5 g5
41. h5 $11 (41. hxg5 $5 {ist bedenkenswert} 41... hxg5 42. Ke3 $14) 41... f4
42. b4 42... Kg8 $16 (42... Ke6 43. Bg7 Kf5 44. Bxh6 e3+ 45. Kf3 g4+ 46. Ke2
$18) 43. c4 Kf8 (43... Kf7 44. a4 Ke6 45. Bg7 $18) 44. a4 Ke7 45. b5 axb5 46.
cxb5 cxb5 47. axb5 {Der Freibauer b5 fuehrt schnell zu Drohungen} 47... Ke6 (
47... Kd7 {aendert nichts am Ausgang der Partie} 48. Bg7 g4 49. Bxh6 e3+ 50.
Ke2 $18) 48. Bg7 g4 49. Bxh6 e3+ 50. Ke2 Kf5 (50... g3 51. Bxf4 g2 52. Bxe3
52... Kf5 $18) 51. b6 $1 {macht alles klar} 51... Ke4 (51... g3 {
aendert den traurigen Lauf der Dinge nicht} 52. Bxf4 $1 {
und der Wal spuckt Jonas wieder aus} 52... Kxf4 53. b7 $18) 52. Bxf4 {
Mit der Absicht b7} 52... Kd4 53. Bxe3+ Ke4 54. b7 Kf5 55. b8=Q Kf6 (55... Ke6
{hilft allerdings auch nicht} 56. h6 g3 57. h7 g2 58. h8=Q g1=N+ 59. Bxg1 Kd5
60. Qhe5+ Kc4 61. Qbb5#) 56. Qf4+ (56. Qd6+ Kf5 57. Bf4 g3 58. Qe5+ Kg4 59.
Qg5+ Kh3 60. Qxg3#) 56... Ke6 57. Qxg4+ Kf6 (57... Kd6 {aendert nichts mehr}
58. Qg6+ Kd7 59. Bc5 Kc7 60. Qd6+ Kc8 61. Qc6+ Kd8 62. Qb7 Ke8 63. Qe7#) 58.
Kf3 (58. Qe4 Kf7 59. Bd4 Kf8 60. Bc5+ Kg7 61. Qg6+ Kh8 62. Bd4#) 58... Kf7 (
58... Ke7 {waere gleichermassen fruchtlos} 59. Bc5+ Kd8 60. Qg7 Kc8 61. Bb6 Kb8
62. Qc7+ Ka8 63. Qa7#) 1-0

[Event "ICS rated blitz match"]
[Site "204.178.125.65"]
[Date "1999.08.23"]
[Round "?"]
[White "AlBundy"]
[Black "Hossa"]
[Result "0-1"]
[WhiteElo "2477"]
[BlackElo "2440"]
[Annotator "Fritz 5.32 (16s)"]
[PlyCount "62"]

1. c4 1... e6 {Opening = D31 - 3.Nc3 --} 2. Nc3 d5 3. d4 Bb4 4. Nf3 Ne7 5. Bg5
5... Nd7 $146 (5... f6 6. Bh4 (6. Bd2 c5 (6... O-O 7. e3 c5 8. a3 Bxc3 9. Bxc3
cxd4 10. exd4 Nbc6 11. Be2 b6 12. O-O Bb7 13. Re1 Qd7 14. b4 dxc4 15. Bxc4 Nd5
16. Qb3 Nce7 17. b5 Rfc8 18. Bd2 Rc7 19. Rac1 Rac8 20. Bd3 Rxc1 21. Rxc1 {
Marinelli,T-Godena,M/ITA-ch 1988/EXT 97/0-1 (56)}) 7. cxd5 exd5 8. dxc5 Bxc5 9.
e4 Nbc6 10. Rc1 Bb6 11. exd5 Nxd5 12. Bc4 12... Qe7+ {
- Tukmakov,V-Gulko,B/Elenite 1995/CBM 50 (12)}) (6. Bf4 c5 7. a3 Ba5 8. cxd5
cxd4 9. Qxd4 e5 10. Bxe5 fxe5 11. Qxe5 O-O 12. e4 Ng6 13. Qd4 Bg4 14. Be2 Nf4
15. Rg1 Nxe2 16. Kxe2 Nc6 17. Qa4 Ne5 18. h3 Nxf3 19. hxg4 Nxg1+ 20. Rxg1 20...
Bb6 {0-1 Davis,C-Comas Fabrego,L/Adelaide 1988/TD (20)}) 6... O-O 7. e3 b6 8.
Bd3 Ba6 9. cxd5 Nxd5 10. Qc2 Bxd3 11. Qxd3 Nd7 12. a3 Bxc3+ 13. bxc3 c5 14. O-O
Qc7 15. Bg3 Qc6 16. e4 Ne7 17. Qe3 Rac8 18. Rad1 Rfd8 19. c4 cxd4 20. Nxd4 {
Ruiz Garcia,J-Munoz Perez,J/Santomera 1993/EXT 98/1-0 (30)}) 6. e3 c5 7. cxd5
exd5 8. Rc1 8... f6 {Deckt e5} 9. Bf4 O-O 10. Bd3 $11 (10. Bd6 Bxc3+ 11. Rxc3
11... c4 $14) 10... c4 {Raumgewinn} 11. Bb1 Nb6 12. h3 {Deckt g4} 12... Bf5 13.
O-O Bxb1 14. Nxb1 Ng6 15. Bg3 Re8 16. a3 Bd6 17. Bxd6 Qxd6 18. Nc3 18... a6 {
Verwehrt dem Gegner b5} 19. Re1 Re7 20. e4 $15 (20. Qc2 20... Rae8 $11) 20...
Rae8 21. exd5 Rxe1+ 22. Nxe1 Nxd5 23. Nf3 $17 (23. Ra1 23... Ndf4 $15) 23...
Ngf4 24. Rc2 $17 (24. Ra1 Nxc3 25. bxc3 25... Re2 $15) 24... Nxc3 25. bxc3 Qxa3
26. d5 (26. g3 Nxh3+ 27. Kg2 Ng5 28. Nxg5 28... fxg5 $19) 26... Rd8 (26... Qd6
27. Rd2 $19) 27. Qd4 Qa4 28. Rd2 Nxd5 29. Re2 $2 $19 (29. Qg4 $142 29... Qd7
30. Qxc4 $17) 29... Qa1+ 30. Kh2 Qxc3 31. Rd2 (31. Qg4 31... Qb4 $19) 31...
Qxd4 (31... Qxd4 32. Nxd4 32... Nb4 $19) 0-1

[Event "ICS rated blitz match"]
[Site "204.178.125.65"]
[Date "1999.08.23"]
[Round "?"]
[White "Panthee"]
[Black "Hossa"]
[Result "0-1"]
[WhiteElo "2161"]
[BlackElo "2463"]
[Annotator "Fritz 5.32 (16s)"]
[PlyCount "38"]

1. e4 1... c5 {Opening = B27 - 2.Nf3 ---} 2. Nf3 e5 3. Nxe5 3... Qe7 $146 (3...
Qf6 4. Nf3 d6 5. Nc3 Bg4 6. Be2 Ne7 7. d3 h6 8. Nb5 Nbc6 9. Nc7+ Kd8 10. Nxa8
Ng6 11. h3 Bd7 12. c3 Kc8 13. O-O Kb8 14. d4 Be7 15. dxc5 Rd8 16. Nb6 axb6 17.
cxb6 Nf4 18. Bxf4 {Jonas,U-Hermann,H/Ulm 1995/EXT 97/1-0 (35)}) (3... Nc6 4.
Qh5 Nf6 5. Qxf7# {1-0 Lindenberg,G-Bassett,B/AUS-ch U12 1995/EXT 98 (5)}) 4.
Nf3 Qxe4+ 5. Be2 Qe7 6. Nc3 Nf6 7. O-O d5 8. d4 cxd4 9. Nxd4 {
Ein gutes Feld fuer den Springer} 9... Be6 10. Re1 Nc6 11. Bg5 (11. Nxe6 fxe6 (
11... Qxe6 $4 12. Bg4 Qxe1+ 13. Qxe1+ Be7 14. Qd1 $18) 12. Bg4 Nxg4 13. Qxg4 e5
14. Nxd5 14... Qf7 $16) 11... O-O-O 12. Bb5 Nxd4 13. Qxd4 Qc5 14. Bxf6 gxf6 15.
Qxf6 15... Be7 {Jetzt haengt d4 in der Luft} 16. Qf3 $4 $17 {
gibt den Vorteil aus der Hand} (16. Qe5 $16 $142) 16... d4 17. Ba6 {
Mit der Mattdrohung Qxb7} 17... bxa6 18. Qa8+ $4 {
ein Versehen in unangenehmer Stellung} (18. Ne2 $19 $142) 18... Kc7 19. Ne4 (
19. Qf3 {lenkt den Gegner vielleicht noch ab} 19... dxc3 20. Rab1 $19) 19...
Qb6 $1 {die Pointe} (19... Qb6 20. Qxd8+ 20... Rxd8 $19) 0-1

[Event "ICS rated blitz match"]
[Site "204.178.125.65"]
[Date "1999.08.23"]
[Round "?"]
[White "Hossa"]
[Black "Esen"]
[Result "1-0"]
[WhiteElo "2468"]
[BlackElo "2038"]
[Annotator "Fritz 5.32 (16s)"]
[PlyCount "69"]

1. d4 1... Nf6 {Opening = E30 - 4.Bg5(h6 5.Bh4 c5 6.d5 ---)} 2. c4 e6 3. Nc3
Bb4 4. Bg5 Bxc3+ 5. bxc3 h6 (5... d6 6. f3 Nbd7 7. e4 Nf8 8. Bd3 h6 9. Be3 Ng6
10. Ne2 e5 11. Qd2 Qe7 12. Ng3 Nh4 13. O-O g5 14. Rab1 b6 15. a4 a5 16. c5 bxc5
17. Bb5+ Bd7 18. dxc5 Bxb5 19. Rxb5 O-O 20. c4 {
Keene,R-Bachtiar,A/Surakarta 1982/MCD/1-0 (38)}) (5... Qe7 6. Nf3 O-O 7. e3 d6
8. Bd3 h6 9. Bh4 e5 10. Bxf6 Qxf6 11. O-O Nc6 12. Qc2 Qe7 13. e4 b6 14. d5 Na5
15. h3 Ba6 16. Qe2 Nb7 17. Nd2 Nc5 18. Bc2 Rac8 19. f4 exf4 20. Rxf4 {
Heuer,F-Starke,R/Leipzig 1998/EXT 99/ - (35)}) 6. Bxf6 Qxf6 7. Nf3 7... d6 $146
(7... b6 8. g3 O-O 9. Bg2 Bb7 10. O-O Be4 11. Nd2 Bxg2 12. Kxg2 d6 13. f4 c5
14. Nf3 Nc6 15. e4 Na5 16. Qd3 Rac8 17. d5 Qe7 18. Nd2 f6 19. Rfe1 e5 20. f5
Qd7 21. a4 Kf7 22. Nf3 {Miralles,A-Mateos,R/Cajas 1989/EXT 97/ - (57)}) 8. e4
e5 9. Bd3 Nc6 10. d5 Nd8 11. O-O Bg4 12. Be2 Bxf3 13. Bxf3 O-O 14. Bh5 Qe7 15.
Qg4 b6 16. f4 f6 17. Bg6 Nb7 18. Rab1 Nc5 19. Qf5 Qd7 20. Qh5 a5 21. Rb5 $11 (
21. fxe5 fxe5 22. Bf5 22... Qe8 $11) 21... Rad8 22. Rf3 (22. fxe5 fxe5 23. Bf5
23... Qe8 $11) 22... Qe7 23. Kh1 Rb8 24. a3 $15 (24. fxe5 fxe5 25. Bf5 25...
Rf6 $11) 24... Rbd8 $11 (24... exf4 25. Rb2 $15) 25. Rb1 Rb8 26. Kg1 Rbd8 27.
Rbf1 Rb8 28. Qh4 $11 (28. Rg3 28... Kh8 $14) 28... Rbd8 $14 (28... exf4 29. Qh5
$11) 29. Kh1 $11 (29. Rg3 29... Kh8 $14) 29... Qd7 $14 (29... exf4 30. Qg4 $11)
30. fxe5 30... fxe5 $4 $18 (30... dxe5 $142 {haette die Partie gerettet} 31.
Bf5 31... Qf7 $14) 31. Bh7+ (31. Bf7+ Kh7 32. Rf6 Nxe4 33. Qxe4+ Kh8 34. Qh4
Rxf7 35. Rxf7 $18) 31... Kxh7 32. Rxf8 32... Rxf8 {Droht Matt} 33. Rxf8 33...
Qa4 $2 $18 (33... b5 $5 $16 $142) 34. Qh5 {Es droht Matt} 34... Qxa3 $4 {
schlecht aber verstaendlich} (34... Qd7 35. Rf7 Qc8 36. Qf5+ Qxf5 37. exf5
37... Na6 $18) 35. Qf5+ (35. Qf5+ g6 36. Qf7#) 1-0

[Event "ICS rated blitz match"]
[Site "204.178.125.65"]
[Date "1999.08.23"]
[Round "?"]
[White "Esen"]
[Black "Hossa"]
[Result "0-1"]
[WhiteElo "2036"]
[BlackElo "2470"]
[PlyCount "102"]

1. e3 e6 2. e4 d5 3. exd5 exd5 4. d4 Bd6 5. Nf3 Ne7 6. Be2 O-O 7. O-O c5 8.
dxc5 Bxc5 9. Nd4 Re8 10. Be3 Bxd4 11. Bxd4 Nbc6 12. Bf3 Nxd4 13. Qxd4 Bf5 14.
c3 Be6 15. Na3 Nf5 16. Qd2 Nh4 17. Be2 Bf5 18. Bd3 Bxd3 19. Qxd3 Qg5 20. g3 Ng6
21. Rfe1 Nf4 22. Qf1 Qg4 23. f3 Nh3+ 24. Kg2 Qh5 25. Rxe8+ Rxe8 26. Re1 Re6 27.
Rxe6 fxe6 28. Qe2 Qf5 29. Nc2 Ng5 30. h4 Qh3+ 31. Kf2 Qh2+ 32. Ke3 Qxe2+ 33.
Kxe2 Nf7 34. f4 a5 35. Nd4 Nd8 36. Kf3 h5 37. g4 hxg4+ 38. Kxg4 Kf7 39. f5 e5
40. Nf3 Kf6 41. Ng5 b5 42. Nh7+ Kf7 43. Ng5+ Ke7 44. Nh7 Nf7 45. Ng5 Nh6+ 46.
Kh5 Nxf5 47. Kg6 Nxh4+ 48. Kxg7 e4 49. Nh3 Ke6 50. Kh6 Kf5 51. Kh5 51... Nf3 {
Esen resigns} 0-1

[Event "ICS rated blitz match"]
[Site "204.178.125.65"]
[Date "1999.08.23"]
[Round "?"]
[White "Hossa"]
[Black "Esen"]
[Result "1-0"]
[WhiteElo "2472"]
[BlackElo "2034"]
[PlyCount "65"]

1. d4 Nf6 2. c4 e6 3. Nc3 Bb4 4. Bg5 Bxc3+ 5. bxc3 h6 6. Bxf6 Qxf6 7. Nf3 d6 8.
e4 e5 9. Bd3 O-O 10. c5 dxc5 11. Nxe5 cxd4 12. cxd4 Nd7 13. Nxd7 Bxd7 14. e5
Qb6 15. O-O Kh8 16. Bc4 Be6 17. d5 Bf5 18. Qh5 Bg6 19. Qh4 Qb4 20. Qg4 Bd3 21.
Rfc1 Bxc4 22. Qxc4 Qxc4 23. Rxc4 Rac8 24. Rac1 c6 25. dxc6 b6 26. Rd1 Rfd8 27.
Rd6 Re8 28. f4 Kg8 29. Rcd4 Re7 30. Rd8+ Rxd8 31. Rxd8+ Kh7 32. Rd7 Re8 33. c7
{Esen resigns} 1-0

[Event "ICS rated blitz match"]
[Site "204.178.125.65"]
[Date "1999.08.23"]
[Round "?"]
[White "Esen"]
[Black "Hossa"]
[Result "0-1"]
[WhiteElo "2032"]
[BlackElo "2474"]
[PlyCount "52"]

1. e4 c5 2. c4 Nc6 3. Nf3 e5 4. d3 Be7 5. Nc3 Nf6 6. Nd5 O-O 7. Nxf6+ Bxf6 8.
b3 Rb8 9. Bb2 Qa5+ 10. Qd2 Qxd2+ 11. Nxd2 Nb4 12. Kd1 d6 13. Bc3 Bg5 14. Bxb4
cxb4 15. Be2 f5 16. f3 Be3 17. Nf1 Bd4 18. Rb1 Be6 19. Ng3 f4 20. Nf1 Rbc8 21.
h3 Rc6 22. Rc1 Rfc8 23. Nh2 d5 24. Rf1 dxc4 25. dxc4 b5 26. Kd2 26... Be3+ {
Esen resigns} 0-1

[Event "ICS rated blitz match"]
[Site "204.178.125.65"]
[Date "1999.08.23"]
[Round "?"]
[White "Hossa"]
[Black "Esen"]
[Result "1-0"]
[WhiteElo "2476"]
[BlackElo "2030"]
[PlyCount "58"]

1. d4 Nf6 2. c4 e6 3. Nc3 Bb4 4. Bg5 Bxc3+ 5. bxc3 h6 6. Bxf6 Qxf6 7. Nf3 d6 8.
e4 e5 9. Bd3 Nc6 10. d5 Nd8 11. O-O Bg4 12. Be2 Bxf3 13. Bxf3 b6 14. Qa4+ Kf8
15. Qd7 Qe7 16. Qh3 Nb7 17. a3 Nc5 18. Rfe1 g5 19. Qf5 Kg7 20. Bh5 Qf6 21. Qh3
a5 22. Re3 Raf8 23. Rf3 Qe7 24. Qf5 Nd7 25. Bg4 Nc5 26. Rb1 Rhg8 27. Kh1 Rh8
28. Bh5 Nd7 29. Kg1 29... Qf6 {Esen resigns} 1-0

[Event "ICS rated blitz match"]
[Site "204.178.125.65"]
[Date "1999.08.23"]
[Round "?"]
[White "VESta"]
[Black "Hossa"]
[Result "0-1"]
[WhiteElo "2102"]
[BlackElo "2478"]
[PlyCount "66"]

1. e4 c5 2. Nf3 e5 3. c3 Nc6 4. Bc4 Nf6 5. d3 Be7 6. O-O d5 7. exd5 Nxd5 8.
Nbd2 Bg4 9. h3 Bh5 10. Ne4 O-O 11. Ng3 Bxf3 12. Qxf3 Nb6 13. Bb3 Bg5 14. Bxg5
Qxg5 15. a4 Na5 16. Ba2 Rad8 17. b4 cxb4 18. cxb4 Nc6 19. b5 Na5 20. Ne4 Qg6
21. h4 Nxa4 22. h5 Qh6 23. g4 Nb2 24. g5 Qb6 25. g6 hxg6 26. h6 gxh6 27. Nf6+
Kg7 28. Nd5 Qd6 29. Rab1 Na4 30. Rfe1 f6 31. b6 Nxb6 32. Nxb6 axb6 33. d4 33...
Qxd4 {VESta resigns} 0-1

[Event "ICS rated blitz match"]
[Site "204.178.125.65"]
[Date "1999.08.23"]
[Round "?"]
[White "PostModernist"]
[Black "Hossa"]
[Result "1-0"]
[WhiteElo "2540"]
[BlackElo "2481"]
[PlyCount "102"]

1. e4 c5 2. Nf3 e5 3. Nxe5 Qe7 4. Nf3 Qxe4+ 5. Be2 Qe7 6. O-O d5 7. d4 cxd4 8.
Nxd4 Nc6 9. Re1 Nxd4 10. Qxd4 Be6 11. Nc3 Qc5 12. Bg5 f6 13. Qxc5 Bxc5 14. Bg4
fxg5 15. Bxe6 Ne7 16. Nxd5 Bd6 17. Nxe7 Bxe7 18. Rad1 Rf8 19. Bd7+ Kf7 20. Bf5
g6 21. Rd7 gxf5 22. Rexe7+ Kf6 23. Rxb7 Rae8 24. Rxe8 Rxe8 25. h4 Re2 26. hxg5+
Kxg5 27. Rxa7 Rxc2 28. b4 Rb2 29. a3 h5 30. g3 f4 31. gxf4+ Kxf4 32. Kg2 Kg4
33. Rg7+ Kh4 34. Rd7 Ra2 35. Rd3 Kg4 36. Rg3+ Kf5 37. Rb3 Rc2 38. b5 Rc8 39. b6
Kg5 40. b7 Rb8 41. a4 Kf5 42. a5 Ke6 43. a6 Kf5 44. a7 Rg8+ 45. Kh3 Rg1 46.
a8=Q Rh1+ 47. Kg2 Rd1 48. Rf3+ Ke6 49. b8=Q Rg1+ 50. Kxg1 h4 51. Qc6+ 51... Ke7
{Hossa resigns} 1-0

[Event "ICS rated blitz match"]
[Site "204.178.125.65"]
[Date "1999.08.23"]
[Round "?"]
[White "Hossa"]
[Black "PostModernist"]
[Result "0-1"]
[WhiteElo "2468"]
[BlackElo "2553"]
[PlyCount "141"]

1. d4 Nf6 2. c4 g6 3. Nc3 Bg7 4. e4 d6 5. f3 O-O 6. Be3 c5 7. dxc5 dxc5 8. Qxd8
Rxd8 9. Bxc5 Nc6 10. Nd5 Nd7 11. Ba3 e6 12. Nc3 b6 13. Rd1 Bxc3+ 14. bxc3 Ba6
15. Rd6 Nde5 16. c5 Bxf1 17. Kxf1 Rxd6 18. cxd6 Rd8 19. Ke2 Nc4 20. Bc1 Rxd6
21. Nh3 a5 22. a4 e5 23. Nf2 b5 24. axb5 Na7 25. Rd1 Nxb5 26. Rxd6 Nbxd6 27. f4
a4 28. fxe5 Nxe5 29. Kd2 f6 30. Kc2 g5 31. Be3 Kf7 32. Bd4 Nec4 33. Bc5 Nb7 34.
Bb4 h5 35. Nd3 Ne3+ 36. Kb2 Nxg2 37. Ka3 Nh4 38. Kxa4 Nf3 39. h3 g4 40. hxg4
hxg4 41. Kb5 g3 42. Nf4 Nd8 43. Bd6 Ne6 44. Ng2 Neg5 45. c4 Nxe4 46. Bf4 Nd4+
47. Kb6 Ke6 48. c5 Kd7 49. Be3 Nc6 50. Nf4 Ne7 51. Bd4 f5 52. Bg7 Nc6 53. Ng2
Nb4 54. Nf4 Ng5 55. Be5 Nf3 56. Bb8 Kc8 57. Kb5 Nd3 58. Kc4 Nxf4 59. Bxf4 g2
60. Be3 f4 61. Bf2 Ne5+ 62. Kd5 Ng4 63. Bd4 f3 64. c6 f2 65. Ke4 g1=Q 66. Bb2
Qe1+ 67. Kf5 f1=Q+ 68. Kg6 Qe4+ 69. Kg7 Qe7+ 70. Kh8 Qh3+ 71. Kg8 {
Hossa resigns} 0-1

[Event "ICS rated blitz match"]
[Site "204.178.125.65"]
[Date "1999.08.24"]
[Round "?"]
[White "hamsi"]
[Black "Hossa"]
[Result "1-0"]
[WhiteElo "2333"]
[BlackElo "2456"]
[PlyCount "61"]

1. e4 c5 2. Nf3 d6 3. d4 cxd4 4. Nxd4 Nf6 5. Nc3 Nc6 6. Bg5 Nxd4 7. Qxd4 Ng4 8.
h3 f6 9. hxg4 fxg5 10. Bb5+ Kf7 11. f3 a6 12. Bc4+ e6 13. O-O-O Bd7 14. e5 b5
15. Bb3 b4 16. Ne4 d5 17. Rh5 Be7 18. f4 dxe4 19. f5 Ke8 20. Qxe4 exf5 21. gxf5
Rc8 22. e6 Kf8 23. exd7 Bf6 24. dxc8=Q Qxc8 25. Qe6 Qc7 26. Rh3 Qb7 27. Rhd3
Qc7 28. Rd7 Bxb2+ 29. Kb1 Qxd7 30. Rxd7 Ba3 31. Qf7# {Hossa checkmated} 1-0

[Event "ICS rated blitz match"]
[Site "204.178.125.65"]
[Date "1999.08.24"]
[Round "?"]
[White "Hossa"]
[Black "hamsi"]
[Result "1-0"]
[WhiteElo "2435"]
[BlackElo "2354"]
[PlyCount "43"]

1. d4 d5 2. c4 c6 3. Nc3 Nf6 4. cxd5 cxd5 5. f3 Nc6 6. e4 dxe4 7. d5 exf3 8.
dxc6 f2+ 9. Kxf2 Qb6+ 10. Kg3 bxc6 11. Bc4 e5 12. Nf3 Be7 13. Nxe5 O-O 14. Re1
Qc7 15. Bf4 Rd8 16. Bxf7+ Kf8 17. Bd5 Bd6 18. Bxc6 Bxe5 19. Bxe5 Rxd1 20. Bxc7
Nh5+ 21. Kh4 Rxa1 22. Rxa1 {hamsi resigns} 1-0

[Event "ICS rated blitz match"]
[Site "204.178.125.65"]
[Date "1999.08.24"]
[Round "?"]
[White "hamsi"]
[Black "Hossa"]
[Result "0-1"]
[WhiteElo "2342"]
[BlackElo "2447"]
[PlyCount "24"]

1. e4 c5 2. b4 cxb4 3. d4 Nf6 4. e5 Nd5 5. Nf3 Nc6 6. a3 d6 7. axb4 dxe5 8. b5
Nxd4 9. Nxe5 Nb4 10. Bd3 Qc7 11. Qh5 Nxd3+ 12. cxd3 12... Qxc1+ {hamsi resigns}
0-1

[Event "ICS rated blitz match"]
[Site "204.178.125.65"]
[Date "1999.08.24"]
[Round "?"]
[White "Hossa"]
[Black "MateGoD"]
[Result "0-1"]
[WhiteElo "2458"]
[BlackElo "2360"]
[PlyCount "102"]

1. d4 d5 2. c4 c6 3. Nc3 Nf6 4. cxd5 cxd5 5. f3 Nc6 6. e4 e6 7. e5 Nd7 8. Be3
Ndxe5 9. dxe5 d4 10. Bxd4 Nxd4 11. Bb5+ Nxb5 12. Qxd8+ Kxd8 13. Rd1+ Bd7 14.
Nxb5 Rc8 15. Nd6 Bxd6 16. exd6 Rc2 17. b3 Rxa2 18. Rd2 Ra3 19. b4 Rb3 20. Rd4
Rb2 21. g3 e5 22. Re4 Bc6 23. Rxe5 Re8 24. Rxe8+ Kxe8 25. h4 Rxb4 26. Kf2 Kd7
27. Ne2 Rb2 28. Re1 Kxd6 29. Rd1+ Kc5 30. Rc1+ Kb4 31. h5 a6 32. g4 Bb5 33. Re1
Rxe2+ 34. Rxe2 Bxe2 35. Kxe2 Kc3 36. g5 a5 37. Kd1 b5 38. Kc1 a4 39. f4 g6 40.
hxg6 fxg6 41. Kb1 a3 42. Ka1 Kc2 43. Ka2 b4 44. f5 gxf5 45. g6 hxg6 46. Ka1 f4
47. Ka2 f3 48. Ka1 f2 49. Ka2 Kc3 50. Ka1 b3 51. Kb1 51... f1=Q# {
Hossa checkmated} 0-1